LIBRARY & INFORMATION CENTRE, KCAET, TAVANUR

ONLINE PUBLIC ACCESS CATALOGUE (OPAC)

Crops and weather / (Record no. 2710)

MARC details
000 -LEADER
fixed length control field 00514cam a2200205ua 4500
041 ## - LANGUAGE CODE
Language code of text/sound track or separate title eng
082 ## - DEWEY DECIMAL CLASSIFICATION NUMBER
Classification number 633
Item number VEN/CR
100 ## - MAIN ENTRY--AUTHOR NAME
Personal name Venkataraman, S.
245 ## - TITLE STATEMENT
Title Crops and weather /
260 ## - PUBLICATION, DISTRIBUTION, ETC. (IMPRINT)
Place of publication New Delhi :
Name of publisher Indian Council for Agricultural Research ,
Year of publication 1992.
300 ## - PHYSICAL DESCRIPTION
Number of Pages 586 ; .
700 1# - ADDED ENTRY--PERSONAL NAME
Personal name Krishnan, A .
942 ## - ADDED ENTRY ELEMENTS (KOHA)
Koha item type Books
Holdings
Withdrawn status Lost status Damaged status Home library Current library Date acquired Full call number Accession Number Koha item type
      KAUAET   07/04/2012 633 19770 Books
      KAUAET KAUAET 07/04/2012 633 19559 Books
      KAUAET KAUAET 07/04/2012 633 19494 Reference
free website counter